• 首页
  • 本馆介绍
  • 公告通知
  • 最新文献
  • 馆藏检索
  • 电子资源
  • 读者导购
  • 参考咨询
  • 我的图书馆
  • 登录
  • 详细信息显示
  • 放入我的书架
  • 预约/预借图书
  • 作者相关作品
  • 分类相关作品
  • 丛书相关作品
  • 出版社相关作品

书目信息

  • 表格格式
  • 工作单格式
  • 卡片格式
题名:
实用体育统计
    
 
作者: 祁国鹰 , 徐明 , 张明立 编著
分册:  
出版信息: 北京   北京体育大学出版社  1995
页数: 234页
开本: 19cm
丛书名:
单 册:
中图分类: G80-32
科图分类:
主题词: 体育统计
电子资源:
ISBN: 7-81003-927-X
000 00638nam0 2200217 45
001 0310261778
005 20031219104120.7
010    @a7-81003-927-X@dCNY9.50
100    @a20031026d1995 km y0chiy0120 ea
101 0  @achi
105    @a z 000yy
200 1  @a实用体育统计@AShi Yong Ti Yu Tong Ji@f祁国鹰,徐明,张明立编著@FQi Guo Ying,Xu Ming,Zhang Ming Li Bian Zhu
210    @a北京@c北京体育大学出版社@d1995
215    @a234页@d19cm
606 0  @a体育统计
690    @aG80-32@v4
701    @a祁国鹰@4编著
701  0 @a徐明@4编著
701  0 @a张明立@4编著
801    @aCN@bTSTC@c20031026
905    @a213230@b327331-334@dG80-32@e116@f4
    
    实用体育统计/祁国鹰,徐明,张明立编著.-北京:北京体育大学出版社,1995
    234页;19cm
    
    
    ISBN 7-81003-927-X:CNY9.50
    
●
相关链接 在E读中查询图书 在五车中查询图书 在当当中查询图书 在豆瓣中查询图书


正题名:实用体育统计     索取号:G80-32/116         预约/预借

序号 登录号 条形码 馆藏地/架位号 状态 备注
1 0327331   203273313   第四借阅区/ [索取号:G80-32/116] 在馆    
2 0327332   203273322   第四借阅区/ [索取号:G80-32/116] 在馆    
3 0327333   203273331   第四借阅区/ [索取号:G80-32/116] 在馆    
4 0327334   203273340   第一样本阅览室/ [索取号:G80-32/116] 在馆    
唐山师范学院图书馆 欢迎您!
大连网信软件有限公司© 版权所有